Datum a čas kvízu
27.5
Celkem bodů
Celkový počet nahraných bodů na tomto kvízu bez doplňovacích otázek.
14.
Pořadí na kvízu
Konečné umístění týmu na tomto kvízu.
Zaznamenané odpovědi
| # | Otázka | Odpověď | Body | Výsledky |
|---|---|---|---|---|
| 1. | V pondělí byl na hradě Špilber... | D) je nafukovací | 1 | |
| 2. | Cestující, kteří v úterý chtěl... | B) Švýcarsko | 0 | |
| 3. | 43letý šéfkuchař ukončil na vl... | Radek Kašpárek, Jan Punčochář | 1 | |
| 4. | V loterii Eurojackpot padla je... | ze Švédska | 0 | |
| 5. | Letošní sezóna Formule 1 má za... | Red Bull | 0 | |
| 6. | Grónsko má v dánském parlament... | Faerským ostrovům | 0 | |
| 7. | Pokud byste chtěli okusit jedn... | A | 0 | |
| 8. | Že je Grónsko největším ostrov... | B | 0 | |
| 9. | Které tvrzení o Grónsku je pra... | D | 1 | |
| 10. | Pod kterým písmenem je snímek... | D | 1 |